Szczegóły MARC21

Kodeks postępowania cywilnego. T. 5, Komentarz : art. 1096-1217 /

003 -Nazwa inst., której nr kontr. jest w polu 001 [,]
    • @
    • Nazwa instytucji, której n kontrolny jest w polu 001
    • NUKAT
005 -DATA I CZAS OSTATNIEJ MODYFIKACJI [,]
    • @
    • pole kontrolne
    • 20241231101713.0
020 -Międzynarod. znormalizowany nr książki - ISBN [ , ]
    • a
    • Numer ISBN
    • 9788381582124 Find
020 -Międzynarod. znormalizowany nr książki - ISBN [ , ]
    • a
    • Numer ISBN
    • 9788381582131 Find
040 -Instytucja sporządzająca opis [ , ]
    • a
    • Instytucja, która sporządziła opis (NP)
    • KAT U/24GM
    • b
    • Język katalogowania
    • pol
    • e
    • Zasady katalogowania
    • rda
    • c
    • Instytucja, która sporządziła rekord (NP)
    • KAT U/24GMs
    • d
    • Instytucja, która zmodyfikowała rekord (P)
    • KAT U/24GM
    • d
    • Instytucja, która zmodyfikowała rekord (P)
    • TOR U/WS
942 -Rodzaj dokumentu [ , ]
    • c
    • Rodzaj dokumentu
    • Książka
245 -Strefa tytułu i oznaczenia odpowiedzialności [0,0]
    • a
    • Tytuł
    • Kodeks postępowania cywilnego. Find
    • n
    • Oznaczenie części (P)
    • T. 5,
    • p
    • Nazwa części (P)
    • Komentarz : art. 1096-1217 /
    • c
    • Pozostałe elementy strefy tytułu i oznaczenia odpowiedzialności (NP)
    • redakcja Andrzej Marciniak ; autorzy Arkadiusz Krzysztof Bieliński, Arkadiusz Cudak, Joanna Derlatka, Katarzyna Gajda-Roszczynialska, Katarzyna Gonera, Józef Jagieła, Michał Kłos, Anna Kościółek, Robert Kulski, Ireneusz Kunicki, Agnieszka Laskowska-Hulisz, Andrzej Marciniak, Joanna Misztal-Konecka, Monika Rejdak, Joanna Studzińska, Andrzej Jan Szereda, Andrzej Torbus, Marcin Uliasz.
246 -Wariant tytułu [1,8]
    • a
    • Tytuł (NP)
    • KPC.
    • n
    • Numer części
    • T. 5,
    • p
    • Nazwa części
    • Art. 1096-1217
260 -Strefa adresu wydawniczego [ , ]
    • a
    • Miejsce wydania (P)
    • Warszawa :
    • b
    • Nazwa wydawcy (P)
    • Wydawnictwo C. H. Beck,
    • c
    • Data wydania (P)
    • 2020.
300 -Strefa opisu fizycznego [ , ]
    • a
    • Określenie formy książki i/lub objętość (NP)
    • XVIII, 1305 stron ;
    • c
    • Format (NP)
    • 25 cm.
336 -Typ zawartości [ , ]
    • a
    • Termin opisujący typ zawartości
    • Tekst
    • b
    • Kod określający zawartość
    • txt
    • 2
    • Źródło (terminu i kodu)
    • rdacontent
337 -Typ mediów [ , ]
    • a
    • Tryb odtwarzania
    • Bez urządzenia pośredniczącego
    • b
    • Kod typu mediów
    • n
    • 2
    • Źródło (terminu i kodu)
    • rdamedia
338 -Typ/rodzaj nośnika [ , ]
    • a
    • Hasło opisujące typ nośnika
    • Wolumin
    • b
    • Kod typu nośnika
    • nc
    • 2
    • Źródło (terminu i kodu)
    • rdacarrier
490 -Strefa serii i książki wielotomowej - forma nie do wyszukiwania [1, ]
    • a
    • Tytuł (P)
    • Duże Komentarze Becka Find
830 -Hasło dodatkowe serii i opisu książki wielotomowej - tytuł ujednolicony/tytuł [ ,0]
    • a
    • Tytuł ujednolicony/tytuł (NP)
    • Duże Komentarze Becka
    • 9
    • KHW
    • 8622
504 -Uwaga dot. bibliogr. załącznikowej [ , ]
    • a
    • Uwaga dot. bibliografii załącznikowej
    • Bibliografia przy rozdziałach. Indeks.
530 -Uwaga dot. innej postaci fizycznej dokumentu [ , ]
    • a
    • Uwaga dot. innej postaci fizycznej dokumentu
    • Dostępne również w postaci elektronicznej.
650 -Hasło przedmiotowe [ ,7]
    • a
    • Hasło przedmiotowe
    • Postępowanie cywilne
    • z
    • Określnik geograficzny
    • Polska
    • v
    • Określnik formalny
    • kodeksy.
    • 2
    • Źródło terminu
    • kaba
    • 9
    • KHW
    • 358679
650 -Hasło przedmiotowe [ ,7]
    • a
    • Hasło przedmiotowe
    • Postępowanie cywilne
    • x
    • Określnik rzeczowy
    • interpretacja
    • z
    • Określnik geograficzny
    • Polska.
    • 2
    • Źródło terminu
    • kaba
    • 9
    • KHW
    • 359501
700 -Hasło dodatkowe - nazwa osobowa [1, ]
    • a
    • Nazwa osobowa (NP)
    • Marciniak, Andrzej Find
    • c
    • Dopowiedzenie inne niż daty biograficzne (NP)
    • (prawnik).
    • e
    • Określenie rodzaju współpracy
    • Autor
    • e
    • Określenie rodzaju współpracy
    • Redakcja
    • 9
    • KHW
    • 18701
700 -Hasło dodatkowe - nazwa osobowa [1, ]
    • a
    • Nazwa osobowa (NP)
    • Bieliński, Arkadiusz K. Find
    • e
    • Określenie rodzaju współpracy
    • Autor
    • 9
    • KHW
    • 13213
700 -Hasło dodatkowe - nazwa osobowa [1, ]
    • a
    • Nazwa osobowa (NP)
    • Cudak, Arkadiusz. Find
    • e
    • Określenie rodzaju współpracy
    • Autor
    • 9
    • KHW
    • 79041
700 -Hasło dodatkowe - nazwa osobowa [1, ]
    • a
    • Nazwa osobowa (NP)
    • Derlatka, Joanna. Find
    • e
    • Określenie rodzaju współpracy
    • Autor
    • 9
    • KHW
    • 96314
700 -Hasło dodatkowe - nazwa osobowa [1, ]
    • a
    • Nazwa osobowa (NP)
    • Gajda-Roszczynialska, Katarzyna. Find
    • e
    • Określenie rodzaju współpracy
    • Autor
    • 9
    • KHW
    • 44969
700 -Hasło dodatkowe - nazwa osobowa [1, ]
    • a
    • Nazwa osobowa (NP)
    • Gonera, Katarzyna Find
    • c
    • Dopowiedzenie inne niż daty biograficzne (NP)
    • (prawo).
    • e
    • Określenie rodzaju współpracy
    • Autor
    • 9
    • KHW
    • 39848
700 -Hasło dodatkowe - nazwa osobowa [1, ]
    • a
    • Nazwa osobowa (NP)
    • Jagieła, Józef. Find
    • e
    • Określenie rodzaju współpracy
    • Autor
    • 9
    • KHW
    • 86315
700 -Hasło dodatkowe - nazwa osobowa [1, ]
    • a
    • Nazwa osobowa (NP)
    • Kłos, Michał Find
    • c
    • Dopowiedzenie inne niż daty biograficzne (NP)
    • (prawo).
    • e
    • Określenie rodzaju współpracy
    • Autor
    • 9
    • KHW
    • 91058
700 -Hasło dodatkowe - nazwa osobowa [1, ]
    • a
    • Nazwa osobowa (NP)
    • Kościółek, Anna Find
    • c
    • Dopowiedzenie inne niż daty biograficzne (NP)
    • (prawo).
    • e
    • Określenie rodzaju współpracy
    • Autor
    • 9
    • KHW
    • 44970
700 -Hasło dodatkowe - nazwa osobowa [1, ]
    • a
    • Nazwa osobowa (NP)
    • Kulski, Robert. Find
    • e
    • Określenie rodzaju współpracy
    • Autor
    • 9
    • KHW
    • 86314
700 -Hasło dodatkowe - nazwa osobowa [1, ]
    • a
    • Nazwa osobowa (NP)
    • Kunicki, Ireneusz. Find
    • e
    • Określenie rodzaju współpracy
    • Autor
    • 9
    • KHW
    • 23314
700 -Hasło dodatkowe - nazwa osobowa [1, ]
    • a
    • Nazwa osobowa (NP)
    • Laskowska-Hulisz, Agnieszka. Find
    • e
    • Określenie rodzaju współpracy
    • Autor
    • 9
    • KHW
    • 80411
700 -Hasło dodatkowe - nazwa osobowa [1, ]
    • a
    • Nazwa osobowa (NP)
    • Misztal-Konecka, Joanna. Find
    • e
    • Określenie rodzaju współpracy
    • Autor
    • 9
    • KHW
    • 18795
700 -Hasło dodatkowe - nazwa osobowa [1, ]
    • a
    • Nazwa osobowa (NP)
    • Rejdak, Monika. Find
    • e
    • Określenie rodzaju współpracy
    • Autor
    • 9
    • KHW
    • 24044
700 -Hasło dodatkowe - nazwa osobowa [1, ]
    • a
    • Nazwa osobowa (NP)
    • Studzińska, Joanna Find
    • c
    • Dopowiedzenie inne niż daty biograficzne (NP)
    • (prawo).
    • e
    • Określenie rodzaju współpracy
    • Autor
    • 9
    • KHW
    • 44891
700 -Hasło dodatkowe - nazwa osobowa [1, ]
    • a
    • Nazwa osobowa (NP)
    • Szereda, Andrzej Jan. Find
    • e
    • Określenie rodzaju współpracy
    • Autor
    • 9
    • KHW
    • 96254
700 -Hasło dodatkowe - nazwa osobowa [1, ]
    • a
    • Nazwa osobowa (NP)
    • Torbus, Andrzej Find
    • c
    • Dopowiedzenie inne niż daty biograficzne (NP)
    • (prawo).
    • e
    • Określenie rodzaju współpracy
    • Autor
    • 9
    • KHW
    • 49980
700 -Hasło dodatkowe - nazwa osobowa [1, ]
    • a
    • Nazwa osobowa (NP)
    • Uliasz, Marcin. Find
    • e
    • Określenie rodzaju współpracy
    • Autor
    • 9
    • KHW
    • 68940
710 -Hasło dodatkowe - nazwa ciała zbiorowego [2, ]
    • a
    • Nazwa ciała zbiorowego lub nazwa geograficzna jako pierwszy element (NP)
    • Wydawnictwo C.H. Beck.
    • e
    • Rodzaj współpracy
    • Wydawca
    • 4
    • Kod relacji
    • pbl
    • 9
    • KHW
    • 52679
856 -Dostęp do wersji elektronicznej [4,1]
    • z
    • Uwaga
    • Dostęp dla autoryzowanych użytkowników
920 -ISBN [ , ]
    • a
    • ISBN
    • 978-83-8158-212-4 Find
920 -ISBN [ , ]
    • a
    • ISBN
    • 978-83-8158-213-1 Find
Obwoluta Numer inwentarzowy Lokalizacja Sygnatura Status udost. Data inwentaryzacji
1SA.25166BSASA.2516612020-07-24